Statistics for Countries with A in Their Name

Click here to take the quiz!

General Stats

  • This quiz has been taken 934 times
    (821 since last reset)
  • The average score is 148 of 167

Answer Stats

ContinentCountry% Correct
OceaniaAustralia
98%
South AmericaArgentina
97%
EuropeAustria
97%
AsiaAfghanistan
96%
North AmericaCanada
96%
Europe/AsiaRussia
96%
EuropeAlbania
95%
AfricaAlgeria
95%
EuropeAndorra
95%
AsiaIndia
95%
AsiaJapan
95%
North AmericaUnited States
95%
AsiaArmenia
94%
AsiaChina
94%
North AmericaCuba
94%
AsiaIndonesia
94%
AfricaAngola
93%
North AmericaBahamas
93%
South AmericaBolivia
93%
EuropeBosnia and Herzegovina
93%
EuropeIceland
93%
EuropeIreland
93%
North AmericaAntigua and Barbuda
92%
AsiaAzerbaijan
92%
AsiaCambodia
92%
AsiaIran
92%
AsiaIraq
92%
AsiaPakistan
92%
EuropeSlovakia
92%
North AmericaBarbados
91%
AfricaChad
91%
EuropeCroatia
91%
North AmericaDominica
91%
EuropeEstonia
91%
EuropeFinland
91%
EuropeFrance
91%
AfricaGuinea
91%
South AmericaGuyana
91%
EuropeHungary
91%
AsiaIsrael
91%
EuropeItaly
91%
AsiaJordan
91%
EuropeLatvia
91%
North AmericaPanama
91%
EuropePoland
91%
EuropeRomania
91%
AsiaSouth Korea
91%
EuropeSpain
91%
AsiaThailand
91%
AsiaBahrain
90%
AsiaBangladesh
90%
AsiaBhutan
90%
South AmericaBrazil
90%
South AmericaColombia
90%
EuropeDenmark
90%
EuropeGermany
90%
North AmericaGuatemala
90%
North AmericaHaiti
90%
North AmericaHonduras
90%
North AmericaJamaica
90%
EuropeLithuania
90%
OceaniaPalau
90%
South AmericaParaguay
90%
AsiaQatar
90%
North AmericaSaint Lucia
90%
AsiaSaudi Arabia
90%
EuropeSlovenia
90%
AfricaSouth Africa
90%
AfricaSouth Sudan
90%
AsiaUnited Arab Emirates
90%
EuropeVatican City
90%
AfricaZambia
90%
EuropeBelarus
89%
AfricaBotswana
89%
North AmericaDominican Republic
89%
South AmericaEcuador
89%
North AmericaEl Salvador
89%
AfricaEthiopia
89%
AsiaGeorgia
89%
North AmericaGrenada
89%
AfricaGuinea-Bissau
89%
AsiaKazakhstan
89%
AsiaLaos
89%
AfricaMali
89%
OceaniaNauru
89%
OceaniaNew Zealand
89%
EuropeNorth Macedonia
89%
EuropeNorway
89%
AsiaOman
89%
EuropePortugal
89%
EuropeSan Marino
89%
EuropeSerbia
89%
AfricaSudan
89%
South AmericaSuriname
89%
EuropeBulgaria
88%
North AmericaCosta Rica
88%
AfricaEritrea
88%
AfricaGhana
88%
AfricaKenya
88%
AsiaKuwait
88%
AfricaLibya
88%
AsiaMalaysia
88%
OceaniaMarshall Islands
88%
AsiaMongolia
88%
AfricaNamibia
88%
AsiaNorth Korea
88%
AfricaRwanda
88%
North AmericaSaint Kitts and Nevis
88%
North AmericaSaint Vincent and the Grenadines
88%
AfricaSomalia
88%
AsiaTajikistan
88%
AsiaTurkmenistan
88%
AsiaVietnam
88%
AfricaCentral African Republic
87%
AfricaDemocratic Republic of the Congo
87%
AfricaGambia
87%
AfricaMadagascar
87%
AsiaMaldives
87%
EuropeMalta
87%
AfricaMauritania
87%
North AmericaNicaragua
87%
AfricaNigeria
87%
EuropeUkraine
87%
South AmericaUruguay
87%
AfricaZimbabwe
87%
AfricaCameroon
86%
AfricaLiberia
86%
AfricaMalawi
86%
OceaniaPapua New Guinea
86%
AsiaSingapore
86%
OceaniaSolomon Islands
86%
AsiaSyria
86%
OceaniaTonga
86%
North AmericaTrinidad and Tobago
86%
AfricaTunisia
86%
OceaniaTuvalu
86%
South AmericaVenezuela
86%
EuropeMonaco
85%
EuropeNetherlands
85%
AfricaSão Tomé and Príncipe
85%
EuropeSwitzerland
85%
AsiaTaiwan
85%
AfricaTanzania
85%
AfricaUganda
85%
AsiaUzbekistan
85%
OceaniaVanuatu
85%
AfricaGabon
84%
OceaniaKiribati
84%
AfricaMauritius
84%
EuropeMoldova
84%
AsiaNepal
84%
OceaniaSamoa
84%
AfricaSenegal
84%
AsiaSri Lanka
84%
AfricaBurkina Faso
83%
AfricaCape Verde (Cabo Verde)
83%
AfricaIvory Coast (Côte d'Ivoire)
83%
AsiaKyrgyzstan
83%
AsiaLebanon
83%
AfricaSierra Leone
83%
AfricaEquatorial Guinea
82%
AfricaEswatini (Swaziland)
82%
AfricaMozambique
82%
EuropeCzechia (Czech Republic)
81%
AsiaEast Timor
81%
OceaniaFederated States of Micronesia
81%
AsiaMyanmar
78%

Score Distribution

Percentile by Number Answered

Percent of People with Each Score

Your Score History

You have not taken this quiz since the last reset